LDR 00774naa#a2200169#i#450# 001 RU\\bibl\126305 005 20260704210133.6 011 ## _a1994-5655 100 ## _a20260626b2026####ek#y0rusy0150####ca 102 ## _aRU 200 1# _aФонетические особенности нердвинского диалекта коми-пермяцкого языка (вокализм) _eЖурнальная статья 210 1# _aСыктывкар _cФГБУ ФИЦ «Коми научный центр Уральского отделения Российской академии наук» _d2026 215 ## _a6 с. 608 ## _aЖурнальная статья _2local 675 ## _aПермские языки. 811.511.13 _z 700 #1 _aСажина _gС. А. 856 4# _akomisc.editorum.ru _u